000 00651ntaaa2200205 4500
003 01
005 20251027202008.0
008 0714s1973 ag 01
040 _aAR-BaBN
_bspa
_cAR-BaBN
_eaacr
_dRIC
082 _a261.0000 Ob2
100 _aObenhaus, Victor
_918528
245 _aResponsible Christian
250 _a1 ed. :
_bUniversity of Chicago Press,
_cc/957
300 _axi, 218 p.
500 _a"an examination of the part Christians must play in the economic and social world if the Christian faith is not to lose its vitality"
650 _aTeología
650 _aCristianismo-Sociedad
_91412
650 _aÉtica Cristiana
942 _cBK
999 _c14691
_d14691